Zo Starej Turej do sveta Chirana Prema dáva svojim obchodným aktivitám novú kvalitu

Bibliographic Details
Main Author: Stiegel, Jozef (Author)
Format: Article
Language:Slovak
PhysicalDescription:Obr. 1
Subjects:

MARC

LEADER 00000nab a2200000 a 4500
001 vtls000621346
003 SK-MaSNL
005 20260302200919.0
008 160401c1997 xo 0 slo
015 |a SNBRB19rr/mm-uuuuu 
035 |a CL0621485 
040 |a SNKBUCL  |b slo  |c SNKBUCL  |e AACR2 
041 0 |a slo 
044 |a xo  |c SK 
080 |a 621:615.47:061.5(437.6)  |2 1981 
080 |a 615.47  |2 1981 
100 1 |a Stiegel, Jozef  |4 aut  |9 324748 
245 1 0 |a Zo Starej Turej do sveta  |b Chirana Prema dáva svojim obchodným aktivitám novú kvalitu  |c Jozef Stiegel 
300 |b Obr. 1 
650 0 7 |a Chirana-Prema, a.s., Stará Turá  |2 snkbucl  |9 899211 
651 7 |a 5210  |2 snkbucl  |9 276500 
655 7 |a články z novín a časopisov  |2 snkbucl  |9 267496 
773 0 |t Slovenský profit  |g Roč. 5, č. 14 (1997), s. 6 
850 |a Slovenská národná knižnica v Martine  |a MTA001 
852 |a SNK  |b KIS3GCP 
958 |a SK 
958 |a ME 
958 |a RK 
958 |a RBX 
999 |c 1458847  |d 1460777